00484 a2200157 4500999001900000001000600019003000500025082001900030100002600049245003600075260004500111300001400156500001800170942003800188952010000226 c325590d32559090517NUST a303.495491 COH aCohen Stephan P99883 aThe Future of PakistanhEnglish aNew DehlibOxford University Pressc2011 axv, 311p. aGeneral Books aCAE NUSTcBKk303.495491 COH2ddc 001040708NFICaCAEbCAEd2017-04-03l0o303.495491 COHpCAE86453r2017-04-05w2017-04-05yBK